MARC

LEADER 00000nam0a2200000 4500
001 54104
005 20231031050224.0
035 |a (RuTPU)RU\TPU\book\56716 
090 |a 54104 
100 |a 20030630d1972 k y0rusy50 ca 
101 0 |a rus 
102 |a RU 
105 |a a z 001zy 
200 1 |a Транзисторные усилители низкой частоты с обратной связью  |f С. С. Букреев 
210 |a Москва  |c Советское радио  |d 1972 
215 |a 184 с.  |c ил. 
320 |a Библиогр.: с. 177-181 
610 1 |a усилители с обратной связью 
610 1 |a полупроводниковые усилители 
610 1 |a транзисторные усилители 
610 1 |a проектирование 
610 1 |a синтез 
675 |a 621.375.4  |v 3 
700 1 |a Букреев  |b С. С.  |g Станислав Семенович 
801 1 |a RU  |b 63413507  |c 20030630  |g PSBO 
801 2 |a RU  |b 63413507  |c 20221110  |g PSBO 
942 |c BK